000 00453nam a2200169Ia 4500
003 GCL
008 140319s9999 xx 000 0 eng d
040 _aGCL /
_cGCL
082 0 4 _a942.055
_bR E
100 1 _aRANDELL, KEITH
245 1 0 _aELIZABETH I AND THE COVERNMENT OF ENGLAND /
_cRANDELL, KEITH
260 _a[S.N] :
_bHODDER AND STOUGHTON ،
_c1994
300 _a142 P
650 0 4 _aHISTORY, BRITISH
650 0 4 _aELIZABETH I
942 _2ddc
_cBK
999 _c11099
_d11099